000 00522nam a22002297a 4500
003 UA-OsUOA
001 525
007 ta
008 20050607b un ||||| |||| 00| 0 ukr d
100 _aБєлза И.
090 _a929
_bБ57
942 _cBK
040 _aUA-OsUOA
_brus
_cUA-OsUOA
_dUA-OsUOA
245 _aАлександ Николаевич Скрябин
300 _a172 с.
955 _a3
041 _arus
080 _a929
260 _aМ.
_bМузыка
_c1987
650 7 _2UDC
999 _c286691
_d286691